000 01001nam a2200301 a 4500
001 66216
003 BD-RjUL
005 20211209081519.0
008 170315s1981 dcu b 000 0 eng
020 _a0819118435 :
020 _a0819118443 (pbk.) :
035 _a(BD-RjUL)66346
040 _aDLC
_cDLC
_dDLC
_dBD-RjUL
_beng
041 _aeng
082 0 0 _223
_a305.24
_bHIJ 1981
100 1 _aHirsch, Ernest A.,
_d1924-
_9195941
245 1 0 _aJoy, woe, hope, and fear :
_bthoughts about the life of the young and old, the free and imprisoned /
_cErnest A. Hirsch.
260 _aWashington, D.C. :
_bUniversity Press of America,
_cc1981.
300 _axxviii, 297 p. ;
_c22 cm.
504 _aBibliography: p. 289-296.
650 0 _aLife cycle, Human
_xPsychological aspects.
_9195942
650 0 _aSocialization.
_9170550
650 0 _aSocial adjustment.
_9173073
650 0 _aAdulthood.
_9195943
650 0 _aLife.
_9195944
650 0 _aInterviews
_zUnited States.
_9195945
942 _2ddc
_cBK
999 _c66216
_d66216